000 00899nam0a22002411 4500
001 rc\80865
005 20250620173109.0
010 _a5-57024-044-1
_910000
035 _a(NLR Aleph) 005350518
090 _a6791769
_c6791769
100 _a20021216d1994 |||y0rusy50 ca
101 0 _arus
102 _aRU
105 _aa |||||||||
200 1 _aПатологическая физиология
_eУчеб. для студентов мед. ин-т
_f[Н.Н. Зайко, чл.-корр. АМН СССР, засл. деят. науки УССР, лауреат Гос. премии УССР, проф. Г.М. Бутенко, Ю.В. Быць]
205 _a[3-е изд.]
210 _aМ.
_cЭсен
_aЭлиста
_cБ. и.
_d1994
215 _a575 с., [1] л. цв. ил.
_cил.
_d22
801 0 _aRU
_bNLR
_gpsbo
801 1 _aRU
_bELAR
_2rusmarc
852 _aNLR
_j95-5/192
942 _cBOOK
980 _aNB